Billboard Year-End Top 100: 1992 - Statistics

General Stats
  • This quiz has been taken 21 times
    15 since last reset
  • The average score is 27 of 100
Answer Stats
Number Song Artist % Correct
2 Baby Got Back Sir-Mix-a-Lot
78%
14 Black or White Michael Jackson
78%
1 End of the Road Boyz II Men
67%
13 I'm Too Sexy Right Said Fred
67%
3 Jump Kriss Kross
67%
4 Save the Best for Last Vanessa Williams
67%
6 Tears in Heaven Eric Clapton
67%
15 Achy Breaky Heart Billy Ray Cyrus
56%
64 Beauty and the Beast Celine Dion and Peabo Bryson
56%
32 Smells Like Teen Spirit Nirvana
56%
53 All I Want Toad the Wet Sprocket
44%
39 Bohemian Rhapsody Queen
44%
34 Damn I Wish I Was Your Lover Sophie B. Hawkins
44%
20 Finally CeCe Peniston
44%
11 I Love Your Smile Shanice
44%
57 Mysterious Ways U2
44%
17 November Rain Guns n Roses
44%
60 One U2
44%
19 Remember the Time Michael Jackson
44%
44 Set Adrift on Memory Bliss P.M. Dawn
44%
45 Stay Shakespeare Sister
44%
41 The Best Things in Life are Free Luther Vandross and Janet Jackson
44%
43 The One Elton John
44%
21 This Used to Be My Playground Madonna
44%
12 To Be With You Mr Big
44%
58 Too Funky George Michael
44%
8 Under the Bridge Red Hot Chili Peppers
44%
9 All 4 Love Color Me Badd
33%
5 Baby-Baby-Baby TLC
33%
23 Can't Let Go Mariah Carey
33%
25 Diamonds and Pearls Prince and the New Power Generation
33%
79 Everything Changes Kathry Troccoli
33%
52 Good for Me Amy Grant
33%
56 Hazard Richard Marx
33%
55 I Can't Dance Genesis
33%
66 In the Closet Michael Jackson
33%
96 I Will Remember You Amy Grant
33%
24 Jump Around House of Pain
33%
10 Just Another Day Jon Secaida
33%
18 Life is a Highway Tom Cochrane
33%
30 Live and Learn Joe Public
33%
47 Please Don't Go KWS
33%
75 Rhythm is a Dancer Snap!
33%
36 Ain't 2 Proud 2 Beg TLC
22%
26 Don't Let the Sun Go Down on Me George Michael and Elton John
22%
72 Everything About You Ugly Kid Joe
22%
93 Free Your Mind En Vogue
22%
71 Friday I'm In Love The Cure
22%
59 How Do You Talk to an Angel The Heights
22%
33 Humpin Around Bobby Brown
22%
100 I Can't Make You Love Me Bonnie Raitt
22%
51 I'd Die Without You P.M. Dawn
22%
28 If You Asked Me To Celine Dion
22%
86 Justified and Ancient The KLF
22%
42 Make It Happen Mariah Carey
22%
27 Masterpiece Atlantic Starr
22%
7 My Lovin (You're Never Gonna Get It) En Vogue
22%
85 Real Love Mary J Blige
22%
40 Tennessee Arrested Development
22%
91 That's What Love is For Amy Grant
22%
97 We Got a Love Thang CeCe Peniston
22%
88 What About Your Friends TLC
22%
90 Would I Lie to You? Charles & Eddie
22%
76 Addams Groove Hammer
11%
78 Back to the Hotel N2Deep
11%
48 Breakin' My Heart (Pretty Brown Eyes) Mint Condition
11%
31 Come and Talk to Me Jodeci
11%
70 Do I Have to Say the Words? Bryan Adams
11%
29 Giving Him Something He Can Feel En Vogue
11%
62 Hold On My Heart Genesis
11%
16 I'll Be There Mariah Carey
11%
83 I Wanna Love You Jade
11%
95 Just Take My Heart Mr. Big
11%
61 Keep on Walkin' CeCe Peniston
11%
98 Let's Get Rocked Def Leppard
11%
38 Move This Technotronic feat. Ya Kid K
11%
68 No Son of Mine Genesis
11%
67 People Everyday Arrested Development
11%
50 She's Playing Hard to Get Hi-Five
11%
22 Sometimes Love Just Ain't Enough Patty Smyth and Don Henly
11%
81 Take This Heart Richard Marx
11%
35 Tell Me What You Want Me to Do Tevin Campbell
11%
63 The Way I Feel About You Karyn White
11%
99 They Want EFX Das EFX
11%
84 Uhh Ahh Boyz II Men
11%
65 Warm It Up Kris Kross
11%
69 Wildside Marky Mark and the Funky Bunch
11%
49 Wishing on a Star The Cover Girls
11%
46 2 Legit 2 Quit Hammer
0%
73 Blowing Kisses in the Wind Paula Abdul
0%
80 Have You Ever Needed Someone So Bad Def Leppard
0%
37 It's So Hard to Say Goodbye to Yesterday Boyz II Men
0%
92 Keep Coming Back Richard Marx
0%
94 Keep It Comin Keith Sweat
0%
77 Missing You Now Michael Bolton
0%
87 Slow Motion Color Me Badd
0%
89 Thinkin Back Color Me Badd
0%
74 Thought I'd Died and Gone to Heaven Bryan Adams
0%
54 When a Man Loves a Woman Michael Bolton
0%
82 When I Look Into Your Eyes FireHouse
0%
No matching quizzes found
Score Distribution
Percent of People with Each Score
Percentile by Number Answered
Your Score History
You have not taken this quiz since the last reset